| 000 | 00533nam a22001577a 4500 | ||
|---|---|---|---|
| 082 |
_a625.8 _bAME _cN-01, P-226 |
||
| 100 | _aAASHTO | ||
| 245 |
_aAashto guide for design of pavement structures/ _cAASHTO |
||
| 260 |
_aWashington: _bAmerican association of state highaway and transportation officials, _c1996-97. |
||
| 300 |
_bill.; _c15 cm. _a74p.: |
||
| 526 |
_a0 _b0 _c0 _d625_800000000000000_AME |
||
| 526 |
_a0 _b0 _c0 _d625_800000000000000_AME |
||
| 526 |
_a0 _b0 _c0 _d625_800000000000000_AME |
||
| 650 |
_aMCE _9379 |
||
| 942 |
_2ddc _cBK |
||
| 999 |
_c547571 _d547571 |
||